Experiencia y Educacion (Record no. 177)

MARC details
000 -LEADER
campo de control de longitud fija 00332 a2200121 4500
082 ## - NÚMERO DE LA CLASIFICACIÓN DECIMAL DEWEY
Número de clasificación 370.1
Número de ítem D519e
100 ## - ENTRADA PRINCIPAL--NOMBRE DE PERSONA
Nombre de persona Dewey, John
9 (RLIN) 847
245 ## - MENCIÓN DEL TÍTULO
Título Experiencia y Educacion
260 ## - PUBLICACIÓN, DISTRIBUCIÓN, ETC.
Lugar de publicación, distribución, etc. Costa Rica
Nombre del editor, distribuidor, etc. Editorial Universidad Nacional
Fecha de publicación, distribución, etc. 2003
300 ## - DESCRIPCIÓN FÍSICA
Extensión 127 p
Otras características físicas ill (col)
Dimensiones 21 cm
650 ## - PUNTO DE ACCESO ADICIONAL DE MATERIA--TÉRMINO DE MATERIA
Término de materia o nombre geográfico como elemento de entrada Educacion
Subdivisión general filosofia
9 (RLIN) 848
700 ## - ENTRADA AGREGADA--NOMBRE PERSONAL
Nombre de persona John Dewey
9 (RLIN) 849
Holdings
Estatus retirado Estado de pérdida Fuente del sistema de clasificación o colocación Estado de daño No para préstamo Biblioteca de origen Biblioteca actual Ubicación en estantería Fecha de adquisición Total de préstamos Signatura topográfica completa Código de barras Visto por última vez Precio de reemplazo Tipo de ítem Koha
    Clasificación Decimal Dewey     Biblioteca LadoV Biblioteca LadoV   26/05/2014   370.1 D519e 000133 26/05/2014 26/05/2014 Material 01